| 000 | 00589nam a22001457a 4500 | ||
|---|---|---|---|
| 020 | _a0-7445-5400-4 | ||
| 082 |
_a823 _bNIM/O |
||
| 100 | _aNIMMO, JENNY | ||
| 245 | _aTHE OWL TREE | ||
| 260 |
_aLONDON _bWALKER BOOKS _c1997 |
||
| 300 | _a95 | ||
| 520 | _aThe Owl Tree is a 1997 children's novella by Jenny Nimmo. The story is about a boy, Joe, who tries to save an owl tree which his grandmother Granny Diamond is fond of and her neighbor, Mr Rock, who intends to cut down as it is too tall and blocking out the sunlight beneath it. | ||
| 650 |
_aENGLISH NOVEL _zUNITED KINGDOM |
||
| 942 | _cBK | ||
| 999 |
_c8009 _d8009 |
||